| 000 | 00766nam a2200253 i 4500 | ||
|---|---|---|---|
| 001 | bg | ||
| 100 | 1 |
_aJOCHYM-KUSZLIK, Ludwika _d(1953- ). |
|
| 245 | 1 | 0 |
_aPolsko-rosyjski słownik handlowy / _cLudwika Jochym-Kuszlikowa, Elżbieta Kossakowska, Stanisław Stawarz. |
| 260 |
_aWarszawa ; _aKraków : _bWydaw. Naukowe PWN, _c1995. |
||
| 300 |
_aXI, [1], 384 s. ; _c22 cm. |
||
| 504 | _aBibliogr. s. 383-384. | ||
| 650 | 9 | _aHandel | |
| 650 | 9 | _aSłownik polsko-rosyjski | |
| 655 | _aSłowniki | ||
| 700 | 1 | _aKOSSAKOWSKA, Elżbieta. | |
| 700 | 1 | _aSTAWARZ, Stanisław. | |
| 020 | _a8301118083 | ||
| 040 | _cBPK | ||
| 041 | 0 | _aplru | |
| 080 | _a339.1(038)=162.1=161.1 | ||
| 920 | _a83-01-11808-3 | ||
| 942 | _cKS | ||
| 008 | s pl f |000 0 pol | ||
| 999 |
_c31304 _d31304 |
||
| 856 |
_uhttp://koha.tu.koszalin.pl/cgi-bin/koha/opac-detail.pl?biblionumber=31304 _yKatalog online BPK |
||